000
00333nam a2200157Ia 4500
003
OSt
005
20240127121613.0
008
170524s9999 xx 000 0 und d
020
_a
9780070702530
040
_c
iimtu
100
_a
Nag- P.K.
245
0
_a
Heat and Mass Transfer
260
_b
TMH
260
_c
2011
942
_2
ddc
_c
02
999
_c
5986
_d
5986